5HLuxD.jpg

KING HENRY VIII SENIOR AND PRIMARY SCHOOL LIBRARY OPAC

The 143-storey treehouse : (Record no. 5038)

000 -LEADER
fixed length control field 00478cam a2200133 a 4500
008 - FIXED-LENGTH DATA ELEMENTS--GENERAL INFORMATION
fixed length control field 220518s2021 enka c 000 1 eng d
020 ## - INTERNATIONAL STANDARD BOOK NUMBER
International Standard Book Number 9781529047882
Qualifying information (paperback) :
Terms of availability NT$385
082 0# - DEWEY DECIMAL CLASSIFICATION NUMBER
Classification number 828.993434 GRI
Item number G855
100 1# - MAIN ENTRY--PERSONAL NAME
Personal name Griffiths, Andy,
Dates associated with a name 1961-
245 14 - TITLE STATEMENT
Title The 143-storey treehouse :
Remainder of title camping hoots and soggy boots! /
Statement of responsibility, etc. by Andy Griffiths ; illustrated by Terry Denton.
300 ## - PHYSICAL DESCRIPTION
Extent 291 pages :
Other physical details illustration ;
Dimensions 20 cm.
942 ## - ADDED ENTRY ELEMENTS (KOHA)
Source of classification or shelving scheme
Holdings
Withdrawn status Lost status Source of classification or shelving scheme Damaged status Not for loan Collection code Permanent Location Current Location Shelving location Date acquired Total Checkouts Full call number Barcode Date last seen Date last checked out Price effective from Koha item type Public note
          Fiction KH8 Primary School Library KH8 Primary School Library Fiction 2025-05-15 8 FIC GRI KHPL000007004 2026-01-28 2026-01-14 2025-05-15 Books - Fiction KH8 PRIMARY LIBRARY

Powered By KH8 IT Dept